000 00279nam a22001337a 4500
008 210427b ||||| |||| 00| 0 eng d
041 _aeng
080 _a72
082 _a72
100 _a41
101 _aARK
245 _aTools for Conviviality
_cIllich,I
942 _2udc
_cBK
999 _c56812
_d56812